000 00651nam a2200265Ia 4500
005 20260324152620.0
008 008 260324s9999 xx 000 0 eng d
020 _a9780124045781
037 _aEBOOK
040 _aCRL
040 _beng
040 _cCRL
041 _2eng
041 _aeng
084 _qCRL
100 _aHerlihy, Maurice
_91229272
245 0 _aDistributed Computing Through Combinatorial Topology
260 _bElsevier
260 _c2013
650 _aComputer Science
856 _uhttps://www.sciencedirect.com/science/book/9780124045781
942 _cEBOOK
999 _c1840015
_d1840015